000 01898cas a2200301 a 4500
005 20250930085532.0
006 s|||||o|||| 00| 0
008 991125c2010 sp fr p o 000 0 spa d
022 _a2171-9624
035 _aUPN01000202295
040 _aMX-MxUPN
_bspa
_eaacr2
_cMX-MxUPN
049 _aREV-E
245 0 0 _aÁlabe
_b: revista de investigación sobre lectura y escritura
_h[recurso electrónico en línea]
260 _aEspaña :
_bUniversidad de Almería y Red Internacional de Universidades Lectoras,
_c2010-
310 _aSemestral
506 0 _aAcceso abierto
510 1 _aDialnet
510 1 _aIresie
510 1 _aDoaj
520 1 _a"Es una publicación de la Red Internacional de Universidades Lectoras que tiene como fin específico el estudio de la lectura y la escritura en el ámbito de la Educación Superior desde una perspectiva multidisciplinar. De forma complementaria, abordará temas de cultura, pensamiento o ciencia que tengan relación con la cultura escrita en todas sus dimensiones. Por tanto, están invitadas a participar todas aquellas personas que, desde dicho ámbito, deseen aportar sus conocimientos al campo científico en cuestión. Se edita en formato digital con el objeto de facilitar su distribución y el acceso libre a la información, aprovechando las ventajas de la tecnología para acercarse a un público amplio desde una perspectiva ecléctica e integradora. Está dirigida a investigadores, profesores, bibliotecarios, estudiantes de educación superior y en general a todas aquella personas interesadas en acceder a información científica sobre las temáticas ofrecidas por la revista".
650 4 _aEducación superior
_932
650 4 _aLectura
_913351
650 4 _aEscritura
_913353
856 4 0 _uhttp://revistaalabe.com/index/alabe/index
902 _aGloria Jiménez/300925
905 _aRevista
942 _cREV-E
999 _c174396
_d174396